00723nam a2200169Ia 4500999001700000082001200017100001400029245017600043260003900219300002100258650003100279650005800310650004400368710001600412942001200428952011300440 c14101d14101 aTR.0119 aRaj Kumar 0aFederalising process and the impact of the Finance Commission : A study in financial relations between centre and the states with particular reference to Haryana 1966-1982 c1986bMaharshi Dayanand University a253p. + C D - 51 aINDIA - FINANCE COMMISSION aFINANCE COMMISSION, INDIA//INDIA - FINANCE COMMISSION aCENTRE STATE FISCAL RELATIONS - HARYANA aGoyal, O.P. cTH2ddc 00104070aNASSDOCbNASSDOCd2004-10-08i2004-10-22l0oTR.0119p26640r2019-04-18 00:00:00w2019-04-18yTH